000 004160000a22001690004500
003 MACL
005 20151126150812.0
008 151126b xxu||||| |||| 00| 0 eng d
040 _aMACL
_cMACL
041 _aEnglish
082 _a910
100 _aKhullar, Rupinder
_918346
245 _aKashmir
_bThe Pageant Of The Seasons
260 _bJ.S. Uberoi
650 _aGeography & Travel
_918347
942 _cBK
_k910
_2ddc
999 _c5086
_d5086